000 00598nam a2200193Ia 4500
005 20250508163325.0
008 008 250505s9999 xx 000 0 eng d
020 _a0-521-28838-X
037 _aTextual
040 _aFEDL
_beng
_cFEDL
041 _aeng
_2eng
084 _a420.7, JON
_qFEDL
100 _aJones Leo
_9433515
245 0 _aEight simulations: For upper-intermediate and move advanced students of English (Participant's book)
260 _aCambridge
_bCambridge University Press
_c1986
300 _a57p
942 _cTEXL
_h420.7, JON
999 _c1382325
_d1382325